Statystyki dla Quiz o Wsypach Salomona

Kliknij tutaj aby rozwiązać quiz!

Ogólne statystyki

  • Ten quiz został rozwiązany 26 razy
    (20 od ostatniego zresetowania)
  • Średni wynik to 8 z 14

Statystyki odpowiedzi

WskazówkaOdpowiedź% Poprawnych
Państwo, od którego Wyspy
Salomona uzyskały niepodległość w 1978
Wielka Brytania
94%
Państwo, które podbiło Wyspy Salomona w 1942 r.Japonia
78%
Podregion Oceanii, do którego należą Wyspy SalomonaMelanezja
78%
StolicaHoniara
72%
Najbliższe państwa geograficzniePapua-Nowa
Gwinea
72%
Morze, z którym graniczy na południuMorze {Koralowe}
67%
Najbliższe państwa geograficznieVanuatu
67%
Największy sektor gospodarkiRolnictwo
61%
Najpopularniejszy sportRugby league
61%
Największa wyspa, miejsce krwawej bitwy II Wojny ŚwiatowejGuadalcanal
28%
Morze, z którym graniczy na zahodzieMorze {Salomona}
28%
Były one używane jako waluta przed europejską kolonizacjąMuszle
28%
Najczęściej używany językneosalomoński
28%
Czego obcokrajowcy nie mogą kupić na Wyspach Salomona?Ziemi
28%

Rozkład punktacji

Percentyl według liczby udzielonych odpowiedzi

Procent ludzi z każdym wynikiem

Twoja historia wyników

Nie rozwiązałeś tego quizu od ostatniego zresetowania